000 00630nam a22002297a 4500
003 OSt
005 20210422051207.0
008 201221s1999 ||||| |||| 00| 0 eng d
020 _a0306460122
040 _aeng
_beng
_cDLC
041 _aeng
080 _a61
_bA-85
100 _9574
_aAskari, K. Fred
245 _aHepatitis C, The Silent Epidemic The Authoritative Guide
260 _aNew York
_bKluwer Academic / Plenum Publishers
_c1999
300 _a215 p.
_bill.
365 _b25.95 usd
650 0 _969
_aMedicine
653 _aმედიცინა
700 _9575
_aCutler, S. Daniel
_eIllustrator
942 _2udc
_cBK
999 _c751
_d751